REINFORCED EARTH TECHNOLOGY IN PAKISTAN (Record no. 546914)
[ view plain ]
| 000 -LEADER | |
|---|---|
| fixed length control field | 00359 a2200133 4500 |
| 082 ## - DEWEY DECIMAL CLASSIFICATION NUMBER | |
| Classification number | 624.18341 FAR |
| 090 ## - LOCALLY ASSIGNED LC-TYPE CALL NUMBER (OCLC); LOCAL CALL NUMBER (RLIN) | |
| -- | 2951 |
| -- | 2951 |
| 100 ## - MAIN ENTRY--PERSONAL NAME | |
| Personal name | JAVED, FARRUKH MAJ GEN |
| 9 (RLIN) | 43117 |
| 245 ## - TITLE STATEMENT | |
| Title | REINFORCED EARTH TECHNOLOGY IN PAKISTAN |
| 260 ## - PUBLICATION, DISTRIBUTION, ETC. | |
| Name of publisher, distributor, etc. | N.H.A |
| 300 ## - PHYSICAL DESCRIPTION | |
| Extent | 14 P, PB, |
| 526 ## - STUDY PROGRAM INFORMATION NOTE | |
| Program name | 0 |
| Interest level | 0 |
| Reading level | 0 |
| Title point value | 624_183410000000000_FAR |
| 942 ## - ADDED ENTRY ELEMENTS (KOHA) | |
| Source of classification or shelving scheme | |
| Institution code [OBSOLETE] | MCE |
| Koha item type | |
| Call number prefix | 624.18341 FAR |
| Withdrawn status | Lost status | Source of classification or shelving scheme | Damaged status | Not for loan | Permanent Location | Current Location | Date acquired | Total Checkouts | Full call number | Barcode | Date last seen | Price effective from | Koha item type |
|---|---|---|---|---|---|---|---|---|---|---|---|---|---|
| Military College of Engineering (MCE) | Military College of Engineering (MCE) | 06/23/2014 | 624.18341 FAR | MCE-34796 | 06/23/2014 | 06/23/2014 |
